| 000 | 00629nam a2200217 i 4500 | ||
|---|---|---|---|
| 001 | 134549 | ||
| 003 | ES-MaACL | ||
| 005 | 20230906194710.0 | ||
| 007 | t| | ||
| 008 | 070911s1950 ja ||||1| eng d | ||
| 100 | 1 |
_aYamamoto, Yokichi. _9117544 |
|
| 245 | 1 | 0 |
_aJapanese postage stamps / _cby Yokichi Yamamoto. |
| 250 | _a2nd. ed. | ||
| 260 |
_a[Tokyo] : _bJapan Travel Bureau, _c1950. |
||
| 300 |
_a323 p. : _bil. ; _c19 cm. |
||
| 490 | 1 |
_aTourist Library ; _v12 |
|
| 650 | 0 | 0 |
_aSellos de correos- _zJapón. _9171988 |
| 830 | 1 |
_aTourist Library ; _v12 _9184006 |
|
| 852 |
_aES-MaACL _jC-12298 |
||
| 999 |
_c134549 _d134549 |
||